000 01255nam a2200313 a 4500
003 BLK
005 20240713122852.0
008 201030b bu |||||r|||| 00| | bu d
020 _a9786197350975
040 _aBLK
041 _aBUL
_cBUL
080 _aРуска литература
_b821.161.1
_x-992
_z821.161.1-992
100 _9367913
_aЧехов, Антон Павлович
_eпърви автор
139 _aЧехов, Антон Павлович
_bЧ 77
245 _aОстров Сахалин
_bИз пътни бележки
_cАнтон П. Чехов ; прев. от рус. Виолета Манчева
250 _a2 изд.
260 _9216827
_aСофия
_bЛист
_c2020
_f([Костинброд] : Мултипринт ООД)
_n978-619-7350-
300 _c20 см
_a280 с.
380 _aX
501 _aБез сведение за ориг. загл. 1. изд. 1979 на изд. Г. Бакалов
700 _9409354
_aМанчева, Виолета
_eпрев. от рус.
852 _aЦб 304560
_bЦб
942 _cKNG
_n0
_s1
_05
944 _aCR
_c2020-10-30
_k30575
_lМартин Енчев
944 _aED
_c2020-11-21
_kК.Д.
999 _c390937
_d390937
999 _d390937
999 _d390937
999 _d390937